路線名 一覧クイズ 北海道 - Statistics

General Stats
  • This quiz has been taken 221 times
  • The average score is 15 of 17
Answer Stats
事業者名 答え 区間 % Correct
JR北海道 函館本線 函館~旭川(全線) 大沼~森(全線)
98%
JR北海道 根室本線 滝川~富良野(全線) 新得~根室(全線)
96%
JR北海道 宗谷本線 旭川~稚内(全線)
93%
JR北海道 室蘭本線 長万部~岩見沢(全線) 東室蘭~室蘭(全線)
89%
JR北海道 石北本線 新旭川~網走(全線)
88%
札幌市交通局 東西線 宮の沢~新さっぽろ(全線)
88%
札幌市交通局 南北線 麻生~真駒内(全線)
88%
JR北海道 釧網本線 東釧路~網走(全線)
87%
JR北海道 札沼線 桑園~北海道医療大学(全線)
87%
JR北海道 千歳線 沼ノ端~白石(全線) 南千歳~新千歳空港(全線)
86%
JR北海道 留萌本線 深川~石狩沼田(全線)
84%
JR北海道 富良野線 富良野~旭川(全線)
84%
JR北海道 日高本線 苫小牧~鵡川(全線)
83%
JR北海道 北海道新幹線 木古内~新函館北斗
82%
JR北海道 石勝線 南千歳~新得(全線)
82%
札幌市交通局 東豊線 栄町~福住(全線)
72%
三セク 道南いさりび鉄道線 五稜郭~木古内(全線)
69%
No matching quizzes found
Score Distribution
Percent of People with Each Score
Percentile by Number Answered
Your Score History
You have not taken this quiz